The clue of the hissing serpent, (Record no. 14592)
[ view plain ]
| 000 -LEADER | |
|---|---|
| fixed length control field | 01935nam a22003377a 4500 |
| 001 - CONTROL NUMBER | |
| control field | B-265065-070 |
| 005 - DATE AND TIME OF LATEST TRANSACTION | |
| control field | 20080728125819.0 |
| 008 - FIXED-LENGTH DATA ELEMENTS--GENERAL INFORMATION | |
| fixed length control field | 740806s1974 nyua j 000 1 eng |
| 010 ## - LIBRARY OF CONGRESS CONTROL NUMBER | |
| LC control number | B-265065-070 |
| 020 ## - INTERNATIONAL STANDARD BOOK NUMBER | |
| International Standard Book Number | 044808953X |
| 035 ## - SYSTEM CONTROL NUMBER | |
| System control number | B-265065-070 |
| 040 ## - CATALOGING SOURCE | |
| Original cataloging agency | dpl |
| 082 ## - DEWEY DECIMAL CLASSIFICATION NUMBER | |
| Classification number | S |
| 100 ## - MAIN ENTRY--PERSONAL NAME | |
| Personal name | Dixon, Franklin W. |
| 245 ## - TITLE STATEMENT | |
| Title | The clue of the hissing serpent, |
| Statement of responsibility, etc | by Franklin W. Dixon. |
| 260 ## - PUBLICATION, DISTRIBUTION, ETC. (IMPRINT) | |
| Place of publication, distribution, etc | New York, |
| Name of publisher, distributor, etc | Grosset & Dunlap |
| Date of publication, distribution, etc | 2005 |
| 300 ## - PHYSICAL DESCRIPTION | |
| Extent | 181 p. |
| Other physical details | illus. |
| Dimensions | 20 cm. |
| 350 ## - PRICE (NR) (BK AM CF MU VM SE) [OBSOLETE] | |
| Price | 135.00 |
| 490 ## - SERIES STATEMENT | |
| Series statement | The Hardy boys mystery stories, 53 |
| 520 ## - SUMMARY, ETC. | |
| Summary, etc | Their efforts to recover a stolen ancient chess piece lead the Hardy brothers to Hong Kong where they help smash an international criminal organization. |
| 650 ## - SUBJECT ADDED ENTRY--TOPICAL TERM | |
| Topical term or geographic name as entry element | Mystery and detective stories. |
| 942 ## - ADDED ENTRY ELEMENTS (KOHA) | |
| Source of classification or shelving scheme | Dewey Decimal Classification |
| Koha item type | Children Books |
| Classification part | S |
| Call number suffix | DIX |
| Withdrawn status | Lost status | Damaged status | Not for loan | Collection code | Home library | Current library | Date acquired | Cost, normal purchase price | Total Checkouts | Full call number | Barcode | Date last seen | Copy number | Cost, replacement price | Price effective from | Koha item type | Date checked out | Source of classification or shelving scheme | Source of acquisition |
|---|---|---|---|---|---|---|---|---|---|---|---|---|---|---|---|---|---|---|---|
| Fiction | Bawana | Bawana | 28/07/2008 | 135.00 | 1 | S / DIX | B-265069 | 21/02/2022 | 1 | 135.00 | 15/09/2008 | Children Books | 19/02/2022 | Dewey Decimal Classification | |||||
| Fiction | Central Library | Central Library | 28/07/2008 | 135.00 | S / DIX | B-265065 | 15/09/2008 | 1 | 135.00 | 15/09/2008 | Children Books | ||||||||
| Fiction | Patel Nagar | Patel Nagar | 28/07/2008 | 135.00 | S / DIX | B-265066 | 15/09/2008 | 1 | 135.00 | 15/09/2008 | Children Books | ||||||||
| Fiction | Peshwa Road | Peshwa Road | 28/07/2008 | 135.00 | S / DIX | B-265067 | 15/09/2008 | 135.00 | 15/09/2008 | Children Books | |||||||||
| Fiction | Sarojini Nagar | Sarojini Nagar | 28/07/2008 | 135.00 | 1 | S / DIX | B-265068 | 05/01/2024 | 1 | 135.00 | 15/09/2008 | Children Books | 23/12/2023 | ||||||
| Fiction | Shahdara Branch | Shahdara Branch | 28/07/2008 | 135.00 | S / DIX | B-265070 | 15/09/2008 | 1 | 135.00 | 15/09/2008 | Children Books | ||||||||
| Fiction | Vinoba Puri | Vinoba Puri | 08/09/2008 | 135.00 | 4 | S DIX | B-284728 | 15/12/2012 | 1 | 135.00 | 15/09/2008 | English Books | 30/11/2012 | Blueberry/4571/19.8.08/192/21.7.08/19.8.08 |
